Quản lý giáo dục hòa nhập trẻ khuyết tật tại trường mầm non công lập quận Hải Châu thành phố Đà Nẵng

Trên cơ sở nghiên cứu lý luận và thực tiễn vấn đề nghiên cứu, tác giả đề xuất một số biện pháp quản lý nhằm nâng cao chất lượng giáo dục hoà nhập trẻ khuyết tật tại các trường mầm non công lập quận Hải Châu, thành phố Đà Nẵng, đáp ứng yêu cầu về đổi mới căn bản, toàn diện Giáo dục và Đào tạo trong g...

全面介绍

Đã lưu trong:
书目详细资料
主要作者: Nguyễn Quốc Thư Trâm
其他作者: Nguyễn Thị Trâm Anh TS. (Hướng dẫn)
格式: 图书
语言:Vietnamese
出版: Đà Nẵng Trường Đại học sư phạm Đà Nẵng 2017
主题:
标签: 添加标签
没有标签, 成为第一个标记此记录!
Thư viện lưu trữ: Mạng thư viện Đại học Đà Nẵng
LEADER 02047nam a2200361 4500
001 000025006
003 21497
005 20170419150423.0
008 170412s2017 viesd
041 |a vie 
082 1 4 |a 371.91  |b NG-T 
100 1 |a Nguyễn Quốc Thư Trâm 
245 1 |a Quản lý giáo dục hòa nhập trẻ khuyết tật tại trường mầm non công lập quận Hải Châu thành phố Đà Nẵng  |c Nguyễn Quốc Thư Trâm ; Nguyễn Thị Trâm Anh hướng dẫn.  |k Luận văn Thạc sĩ 
260 |a Đà Nẵng  |b Trường Đại học sư phạm Đà Nẵng  |c 2017 
300 |a 103 tr., phụ lục 23 tr.  |c 29 cm.  |e Tóm tắt 
500 |a Luận văn thạc sĩ Giáo dục học. Chuyên ngành: Quản lý giáo dục. Mã số: 60.14.01.14 
520 3 |a Trên cơ sở nghiên cứu lý luận và thực tiễn vấn đề nghiên cứu, tác giả đề xuất một số biện pháp quản lý nhằm nâng cao chất lượng giáo dục hoà nhập trẻ khuyết tật tại các trường mầm non công lập quận Hải Châu, thành phố Đà Nẵng, đáp ứng yêu cầu về đổi mới căn bản, toàn diện Giáo dục và Đào tạo trong giai đoạn hiện nay.. 
650 0 4 |a Giáo dục mầm non  |v Luận văn tốt nghiệp  |x Trẻ khuyết tật  |x Giáo dục hòa nhập  |z Đà Nẵng 
653 |a Quản lý giáo dục 
653 |a Giáo dục hòa nhập 
653 |a Giáo dục mầm non 
653 |a Trẻ khuyết tật 
700 1 |a Nguyễn Thị Trâm Anh  |c TS.  |e Hướng dẫn 
OWN |a LSP 
AVA |a UDN50  |b LSP  |d 371.91 NG-T  |e available  |t Error 5001 Not defined in file expand_doc_bib_avail.  |f 1  |g 0  |h N  |i 0  |k 1 
999 |a From the UDN01 
AVA |a UDN50  |b LSP  |d 371.91 NG-T  |e available  |t Error 5001 Not defined in file expand_doc_bib_avail.  |f 1  |g 0  |h N  |i 0  |k 1 
TYP |a Monograph 
TYP |a Printed language 
980 |a Mạng thư viện Đại học Đà Nẵng